Top 10 Most Seen Animals on the Road - Statistics

General Stats
  • This quiz has been taken 25 times
  • The average score is 7 of 10
Answer Stats
Percent Animal % Correct
11% Cat
96%
11% Dog
96%
13% Deer
91%
11% Bird
74%
9% Rabbit
65%
12% Squirrel
65%
5% Coyote
61%
8% Raccoon
48%
7% Skunk
43%
6% Turtle
30%
No matching quizzes found
Score Distribution
Percent of People with Each Score
Percentile by Number Answered
Your Score History
You have not taken this quiz